MARC

LEADER 00000nam0a2200000 4500
001 273179
005 20231101234614.0
035 |a (RuTPU)RU\TPU\book\296388 
090 |a 273179 
100 |a 20141024d1987 k y0rusy50 ca 
101 1 |a rus  |c eng 
102 |a RU 
105 |a a z 001zy 
200 1 |a Квантовая статистика линейных и нелинейных оптических явлений  |e пер. с англ.  |f Я. Перина 
210 |a Москва  |c Мир  |d 1987 
215 |a 368 с.  |c ил. 
320 |a Библиогр.: с. 339-364 
320 |a Предметный указатель: с. 365-366 
606 1 |a Оптика  |x Когерентность  |2 stltpush  |3 (RuTPU)RU\TPU\subj\47128  |9 66191 
610 1 |a электромагнитное поле 
610 1 |a квантовая теория 
610 1 |a оптическая корреляция 
610 1 |a описание 
610 1 |a нелинейные оптические явления 
610 1 |a приближение Гейзенберга-Ланжевена 
610 1 |a излучение 
610 1 |a квантовая статистика 
610 1 |a случайно-неоднородные среды 
610 1 |a нелинейные среды 
675 |a 535.4  |v 4 
700 1 |a Перина  |b Я.  |g Ян 
801 1 |a RU  |b 63413507  |c 20141024 
801 2 |a RU  |b 63413507  |c 20170320  |g RCR 
942 |c BK